| 000 | 01280cam a22002653a 4500 | ||
|---|---|---|---|
| 001 | 32301 | ||
| 003 | PGUSA | ||
| 005 | 20140828083711.0 | ||
| 008 | 100508s2010||||xxu|||||s|||||000 1 eng d | ||
| 040 |
_aPGUSA _beng |
||
| 042 | _adc | ||
| 050 | 4 | _aPZ | |
| 100 | 1 |
_aDeming, Therese O. _q(Therese Osterheld), _d1874- |
|
| 245 | 1 | 0 |
_aIndian Child Life _h[electronic resource] / _cTherese O. Deming |
| 260 |
_bProject Gutenberg, _c2010 |
||
| 505 | 0 | _aA runaway -- A greedy bear -- In mischief -- Canoe boys -- Winter fun --- Mr. and Mrs. Antelope and the babies -- The cliff-dwellers and their pets -- The burro race -- Learning to shoot -- Little bird, the Navajo shepherd boy -- Little Beaver and the tame crows -- Bright-eyes and his puma kittens -- Hodgska makes a visit -- Playing at moving house -- The war dance -- Taking care of the ponies -- The babies and the woodpeckers -- How the pueblo boys were frightened. | |
| 506 | _aPublic domain in the USA. | ||
| 516 | _aElectronic text | ||
| 653 | _aHuman-animal relationships -- Juvenile fiction | ||
| 653 | _aIndian children -- North America -- Juvenile fiction | ||
| 700 | 1 |
_aDeming, Edwin Willard, _d1860-1942 |
|
| 830 | 0 |
_aProject Gutenberg _v32301 |
|
| 856 | 4 | 0 | _uhttp://www.gutenberg.org/ebooks/32301 |
| 942 | _cEB | ||
| 999 |
_c261556 _d261556 |
||